000 00723nam a22002297a 4500
003 UA-OsUOA
001 105556
007 ta
008 20140312b un ||||| |||| 00| 0 ukr d
100 _aГрішнова О.
700 _aКозловський А.
090 _a330(477)
_bГ85
942 _cSA
040 _aUA-OsUOA
_bukr
_cUA-OsUOA
_dUA-OsUOA
245 _aІнтелектуальний капітал України: інтегральна оцінка й порівняльний аналіз
300 _aС.3-10
955 _a0
041 _aukr
080 _a330(477)
773 0 _w105555
_tУкраїна: аспекти праці
_dК.
_d2014
_g1
650 7 _a330 Економіка взагалі
_2UDC
999 _c391869
_d391869